Human behavior in the social environment A macro, national, and international perspective

Bibliographical references p. 339 - 371

שמור ב:
מידע ביבליוגרפי
מחבר ראשי: Alexander, Rudolph Jr
פורמט: ספר
שפה:Undetermined
יצא לאור: Chicago, Ill. Lyceum Books 2007
נושאים:
גישה מקוונת:http://lrc.tdmu.edu.vn/opac/search/detail.asp?aID=2&ID=31463
תגים: הוספת תג
אין תגיות, היה/י הראשונ/ה לתייג את הרשומה!
Thư viện lưu trữ: Trung tâm Học liệu Trường Đại học Thủ Dầu Một
LEADER 00815nam a2200217Ia 4500
001 TDMU_31463
008 210410s9999 xx 000 0 und d
082 |a 658.8343 
090 |b A103 
100 |a Alexander, Rudolph Jr 
245 0 |a Human behavior in the social environment 
245 2 |b A macro, national, and international perspective 
245 0 |c Rudolph Alexander, Jr 
260 |a Chicago, Ill. 
260 |b Lyceum Books 
260 |c 2007 
300 |a xiii, 415 p. 
520 |a Bibliographical references p. 339 - 371 
650 |a Sociology  |x Social service  |x Social problems; Xã hội học  |x Dịch vụ xã hội  |x Vấn đề xã hội 
856 |u http://lrc.tdmu.edu.vn/opac/search/detail.asp?aID=2&ID=31463 
980 |a Trung tâm Học liệu Trường Đại học Thủ Dầu Một